Twenty One Pilots Lyrics Quiz - Statistics

General Stats
  • This quiz has been taken 522 times
  • The average score is 17 of 30
Answer Stats
Hint Answer % Correct
Suspended in a defenseless test Migraine
87%
Life is up here when you comment below Message Man
77%
Metaphorically I'm a whore Ode To Sleep
77%
Even harder to write when you know that tonight Ride
77%
Interested in putting my fingers to my head Guns For Hands
76%
I'm open a moment and closed when you show it Holding On To You
76%
Don't you test me though, just because I play the piano Not Today
70%
Your grandpa died The Pantaloon
70%
Josh Dun! The Judge
68%
You're gonna feel the heat of my cavalry Lane Boy
66%
What I wanna save I'll kill Fairly Local
65%
Before you walk away, there's one more thing I want to say Fake You Out
63%
You have fallen from the sky Ruby
61%
Moving forward torn Forest
60%
I'm winning a momentary sinning a moment passing after Kitchen Sink
60%
I will rise and stand my ground Semi-Automatic
59%
They deflect the disrespect when they say that they blame it on the times Johnny Boy
57%
It's hard to tell the difference between blood and water these days Lovely
57%
Mindless, spineless, and pretend Addict With A Pen
56%
And I die as I wait as I wait on my crime Fall Away
56%
But now he's just watching the backs of his eyes Trapdoor
55%
I know the stars will start to fade Taxi Cab
52%
He crept in her room and stayed there for the night A Car, A Torch, A Death
47%
Your weeping will creep in your head and you'll cry Isle Of Flightless Birds
47%
And I'll look left and right sometimes March To The Sea
45%
Cold nights under siege from accusations The Run And Go
45%
Kick me off the stage and take my microphone Clear
42%
Laugh in the face of gravity as its laws we'd break Slowtown
36%
I was doing fine on my own Air Catcher
35%
Am I screaming to an empty sky? Anathema / Blasphemy
3%
No matching quizzes found
Score Distribution
Percent of People with Each Score
Percentile by Number Answered
Your Score History
You have not taken this quiz